Normal view
MARC view
- Medical Surgical Nursing
Entry Geographic Name
001 - CONTROL NUMBER
- control field: 217437
003 - CONTROL NUMBER IDENTIFIER
- control field: OSt
005 - DATE AND TIME OF LATEST TRANSACTION
- control field: 20260330141224.0
008 - FIXED-LENGTH DATA ELEMENTS
- fixed length control field: 260330|| aca||aabn | a|a d
040 ## - CATALOGING SOURCE
- Original cataloging agency: OSt
- Transcribing agency: OSt
151 ## - HEADING--GEOGRAPHIC NAME
- Geographic name: Medical Surgical Nursing
670 ## - SOURCE DATA FOUND
- Source citation: Work cat.: (OSt)369254: Chintamani 217435, Lewis Adult Health Nursing II with Integrated Pathophysiology and Geriatric Nursing Vol.2, 2025